[Event "Netanya International GM 2019"]
[Site "Netanya"]
[Date "2019.07.01"]
[Round "8.5"]
[White "Rodshtein, Maxim"]
[Black "Smirin, Ilia"]
[Result "1/2-1/2"]
[WhiteElo "2685"]
[BlackElo "2594"]
[Annotator "TA"]
[PlyCount "31"]
[EventDate "2019.06.23"]
[EventType "tourn"]
[EventCountry "ISR"]
[SourceTitle "playchess.com"]
[Source "ChessBase"]
[SourceQuality "1"]

{[%evp 9,31,30,20,29,25,22,22,26,33,0,0,0,0,1,0,0,0,-6,-6,-15,-1,0,0,21]} 1. d4 Nf6 2. c4 e6 3. Nf3 a6 4. Nc3 d5 5. cxd5 exd5 6. Bg5 {D37: Queen's Gambit Declined: 5 Bf4} Be6 7. e3 Nbd7 8. Bd3 Bd6 (8... h6 9. Bf4 g5 10. Bg3 Nh5 11. Be5 Nhf6 12. Bg3 Nh5 13. Ne2 Nxg3 14. Nxg3 {1-0 (61) Leko,P (2679)-Caruana,F (2832) Germany 2019}) 9. Bf4 Bxf4 {The position is equal.} 10. exf4 {[#] Hoping for f5.} Bg4 11. Qe2+ Kf8 $1 12. O-O c6 13. Rfe1 g6 $146 ({Predecessor:} 13... Bxf3 14. Qxf3 {1-0 (32) Ning,K (2247)-Alinasab,M (2295) Makati 2018}) 14. h3 Bxf3 $1 15. Qxf3 Kg7 16. g4 {Accuracy: White = 73%, Black = 96%.} 1/2-1/2

[Event "Netanya International GM 2019"]
[Site "Netanya"]
[Date "2019.07.02"]
[Round "9.1"]
[White "Nabaty, Tamir"]
[Black "Dubov, Daniil"]
[Result "1/2-1/2"]
[WhiteElo "2678"]
[BlackElo "2700"]
[Annotator "TA"]
[PlyCount "70"]
[EventDate "2019.06.23"]
[EventType "tourn"]
[EventCountry "ISR"]
[SourceTitle "playchess.com"]
[Source "ChessBase"]
[SourceQuality "1"]

{[%evp 9,70,22,16,2,25,19,29,27,29,25,22,25,30,30,24,24,24,25,28,17,40,20,24,24,25,20,26,25,39,22,37,29,32,28,31,30,22,37,32,17,19,18,20,0,0,2,22,9,9,0,0,0,0,0,0,0,0,0,0,-2,0,0,0]} 1. d4 Nf6 2. Nf3 g6 3. Nbd2 d5 4. b3 Bg7 5. Bb2 O-O 6. c4 {D02: 1 d4 d5 2 Nf3 sidelines, including 2...Nf6 3 g3 and 2...Nf6 3 Bf4} c6 7. e3 Ne4 (7... Bg4 8. Be2 Nbd7 9. O-O Re8 10. Rc1 a5 11. cxd5 cxd5 12. h3 Bxf3 13. Nxf3 Qb6 14. Qc2 e6 15. a4 Bf8 16. Bb5 Reb8 17. g4 h6 {1-0 (43) Rodshtein,M (2699)-Gozzoli,Y (2622) Brest 2019}) 8. Rc1 $146 {White has an edge.} ({Predecessor:} 8. Bd3 Bf5 9. Qe2 Nxd2 10. Nxd2 Bxd3 11. Qxd3 c5 12. O-O cxd4 13. exd4 {½-½ (48) Foisor,S (2331)-Hoang,T (2380) Khanty-Mansiysk 2017}) 8... Bg4 9. Be2 Nxd2 10. Qxd2 e6 11. O-O Nd7 12. h3 Bxf3 13. Bxf3 Re8 14. Rfd1 a6 15. Ba3 Bf8 16. Bxf8 Rxf8 17. Qb4 Rb8 18. Qd6 Re8 19. Rc2 a5 20. Rb1 Ra8 21. b4 axb4 22. Rxb4 Ra7 23. Rcb2 Qc8 $1 24. cxd5 cxd5 {The position is equal.} 25. Be2 Nf6 {[%cal Bd7f6,Bf6e4,Be4d6,Bd6c4][%mdl 32]} 26. Bb5 Rd8 27. Qe7 Ne4 28. Bc6 {[%cal Rb4b7]} Nd6 29. Rb6 ({Don't play} 29. Bxb7 Rd7 $17) 29... Qb8 {[#] ...Rc8 is the strong threat.} ({Of course not} 29... Nf5 30. Qc5 $16) 30. Rb1 Rf8 31. Bxb7 Nc4 $1 {[%cal Rc4b6]} 32. R6b4 Qd6 33. Qxd6 Nxd6 34. Rb6 Nxb7 35. Rxb7 Rxa2 {Accuracy: White = 62%, Black = 67%.} 1/2-1/2

[Event "Netanya International GM 2019"]
[Site "Netanya"]
[Date "2019.07.02"]
[Round "9.2"]
[White "Smirin, Ilia"]
[Black "Eljanov, Pavel"]
[Result "0-1"]
[WhiteElo "2594"]
[BlackElo "2655"]
[Annotator "TA"]
[PlyCount "110"]
[EventDate "2019.06.23"]
[EventType "tourn"]
[EventCountry "ISR"]
[SourceTitle "playchess.com"]
[Source "ChessBase"]
[SourceQuality "1"]

{[%evp 9,110,2,8,0,12,-2,4,8,16,0,-8,0,0,-13,0,-27,-30,-93,-96,-96,-99,-94,-68,-71,-84,-85,-95,-118,-102,-104,-113,-199,-194,-175,-159,-152,-133,-179,-156,-159,-151,-143,-135,-136,-136,-191,-191,-191,-191,-191,-184,-188,-184,-185,-181,-176,-176,-175,-175,-164,-150,-181,-168,-208,-188,-189,-167,-167,-167,-177,-175,-254,-231,-259,-248,-227,-136,-283,-283,-255,-172,-329,-336,-1292,-1292,-5277,-1081,-5277,-5277,-5277,-5270,-5215,-4944,-5270,-5262,-5222,-5222,-5200,-5189,-5175,-5046,-4622,-4562]} 1. e4 c5 2. Nf3 Nc6 3. Bb5 g6 4. c3 Nf6 5. Qe2 e5 6. O-O {B31: Sicilian: 2...Nc6 3 Bb5 g6} Bg7 7. Bxc6 $146 ({Predecessor:} 7. d4 cxd4 8. cxd4 exd4 9. e5 Nd5 10. Qe4 a6 11. Bg5 Qa5 12. Bc4 Nb6 13. Bb3 O-O {1-0 (27) Zarnicki,P (2521)-Marques,V (2378) Santos 2004}) 7... bxc6 8. Nxe5 {The position is equal.} O-O 9. Nf3 Re8 10. d3 d5 $36 {[%mdl 2048] Black is pushing.} 11. Bg5 Qb6 12. Bxf6 Bxf6 13. e5 (13. b3 $11) 13... Bg4 $17 {And now ...Bxe5! would win.} 14. d4 Bxf3 15. Qxf3 Bxe5 ({Not} 15... cxd4 $2 16. exf6 Qxb2 17. Qf4 $3 $18 {[%mdl 512]}) 16. dxe5 {Qe2 is the strong threat.} Qxb2 17. Na3 Qxa3 18. Qe3 Rad8 19. f4 d4 20. Qf2 (20. Qf3 $17) 20... Qxc3 $19 21. Rac1 Qa3 22. f5 Qe3 $1 {[%cal Re3f2]} 23. Rxc5 gxf5 24. Re1 Qxf2+ 25. Kxf2 $17 {[%mdl 4096] Endgame KRR-KRR} Re6 26. Rd1 Kg7 27. Rc4 (27. Rd2 $17) 27... Rxe5 $19 28. Rdxd4 Rxd4 29. Rxd4 {KR-KR} Ra5 30. a4 Rd5 31. Ke3 {intending Rxd5.} Kf6 32. Rh4 Kg6 33. Rc4 c5 34. a5 Kg5 35. g3 h5 36. a6 Kf6 37. Rh4 Ke6 38. Ke2 Rd6 39. Rxh5 Rxa6 40. Kd3 (40. h4 $142) 40... Ra4 41. Rh6+ f6 $1 42. Rh7 Rd4+ (42... f4 $19 43. gxf4 f5) 43. Kc3 {[#]} (43. Ke3 $17) 43... f4 $1 44. gxf4 Kf5 ({Weaker is} 44... Rxf4 45. Rxa7 f5 46. Rc7 $17) 45. Rxa7 $2 (45. Rh5+ {was necessary.} Kxf4 46. Rxc5) 45... Kxf4 46. h4 $2 (46. Rc7 Rd1 47. Rxc5) 46... f5 {Black is clearly winning.} 47. Rc7 Rd5 (47... Kg4 $142 48. h5 Rd6 49. Rxc5 f4) 48. Rh7 Kg4 49. h5 Kg5 50. Kc4 Rd6 51. Kxc5 {[#]} Rh6 $1 {[%mdl 512]} 52. Rg7+ Kf4 53. Kd4 Rxh5 54. Kd3 {[#]} Kf3 $1 55. Rg1 Rh2 {Accuracy: White = 37%, Black = 79%.} 0-1

[Event "Netanya International GM 2019"]
[Site "Netanya"]
[Date "2019.07.02"]
[Round "9.3"]
[White "Postny, Evgeny"]
[Black "Rodshtein, Maxim"]
[Result "1/2-1/2"]
[WhiteElo "2601"]
[BlackElo "2685"]
[Annotator "TA"]
[PlyCount "121"]
[EventDate "2019.06.23"]
[EventType "tourn"]
[EventCountry "ISR"]
[SourceTitle "playchess.com"]
[Source "ChessBase"]
[SourceQuality "1"]

{[%evp 18,121,21,15,10,0,0,0,0,0,0,0,0,-2,0,-5,-2,-3,-5,-4,-4,-10,0,0,0,0,0,-1,-5,-5,-10,-10,-11,-8,-6,-13,-12,-12,0,-19,-6,-60,-20,-66,-29,-29,0,-61,-49,-77,-76,-77,-76,-197,-60,-88,-60,-60,-60,-77,-60,-60,-52,-52,-54,-52,0,-58,-44,-60,-60,-60,-35,-35,-35,-35,-35,-35,-35,-35,-37,-51,-51,-51,-51,-64,-42,-51,-51,-52,-45,-40,-42,-42,-35,-55,0,-10,-10,-10,-10,-12,-12,-18,0,0]} 1. d4 Nf6 2. c4 g6 3. Nc3 d5 4. Bf4 Bg7 5. e3 c5 6. dxc5 Qa5 7. Rc1 dxc4 8. Bxc4 O-O 9. Nge2 Qxc5 10. Qb3 {[#] aiming for Nb5.} Qa5 {D82: Grünfeld: 4 Bf4} 11. O-O Nbd7 12. Qb5 $146 (12. Nb5 {is more complex.} Nb6 13. Nc7 Rb8 14. Nc3 Nh5 15. N3d5) ({Predecessor:} 12. Rfd1 Nc5 13. Qb5 Qxb5 14. Nxb5 Be6 15. Bxe6 Nxe6 16. Be5 Rfc8 17. Ned4 Nxd4 18. Nxd4 {½-½ (30) Matlakov,M (2691)-Li,C (2730) Novi Sad 2016}) 12... Qxb5 13. Nxb5 {And now Nc7 would win.} Nb6 $1 14. Nc7 Rb8 $1 15. Bb3 Bd7 16. Nc3 Rbc8 17. N7d5 Nfxd5 18. Nxd5 Nxd5 19. Bxd5 Bxb2 20. Rb1 Rc2 21. Bb3 Rd2 22. e4 Re2 23. Bd1 Rxe4 24. Rxb2 Rxf4 25. Rxb7 Rd8 26. Bf3 {Threatens to win with Rd1.} e5 27. Rxa7 Bb5 28. Rb1 Bc4 {...e4 is the strong threat.} 29. Ra4 (29. Re1 $11) 29... Rd2 30. Re1 Rfd4 (30... Bxa2 $5 {[%cal Rf4a4]} 31. Rxf4 exf4 $17) 31. h3 f6 32. Rc1 (32. Re4 $11 Be6 33. Rexd4 exd4 34. Kf1) 32... Bxa2 $15 33. Rc8+ Kg7 34. Rc7+ Kh6 35. Raa7 {[#]} (35. Rxd4 $17 {was necessary.} Rxd4 36. Re7) 35... Bg8 ({Black should try} 35... e4 $1 $19 {[%cal Re4f3]} 36. Bg4 Kg5) 36. Rc8 Rd8 (36... Bb3 {seems wilder.} 37. Re7 Rd7 38. Rxd7 Rxd7 39. g3 f5) 37. Rxd8 Rxd8 {[%mdl 4096] Endgame KRB-KRB} 38. Re7 Rd3 39. h4 Rc3 40. Bb7 Ra3 41. Bc6 Rc3 (41... Ra6 $15 42. Bf3 Ra1+ 43. Kh2 Ra3) 42. Bf3 (42. Bb7 $11) 42... Bb3 43. Kh2 Rd3 44. Kg1 Bc2 45. Re6 Kg7 46. Re7+ Kg8 47. h5 gxh5 48. Bxh5 Rd4 49. Rc7 Bf5 50. Bf7+ Kf8 51. Bh5 Bd7 52. Bf3 Ke7 53. Ra7 Rc4 54. Be2 Rc1+ 55. Kh2 {Black must now prevent Bg4.} Kd6 {Hoping for ...Rc2.} 56. Ra6+ Bc6 ({Better is} 56... Rc6 $15) 57. Bf3 {The position is equal.} f5 58. Bxc6 Rxc6 59. Ra7 Rc7 60. Ra5 Rc2 61. f4 {Accuracy: White = 56%, Black = 50%.} 1/2-1/2

[Event "Netanya International GM 2019"]
[Site "Netanya"]
[Date "2019.07.02"]
[Round "9.4"]
[White "McShane, Luke J"]
[Black "Svidler, Peter"]
[Result "0-1"]
[WhiteElo "2688"]
[BlackElo "2737"]
[Annotator "TA"]
[PlyCount "58"]
[EventDate "2019.06.23"]
[EventType "tourn"]
[EventCountry "ISR"]
[SourceTitle "playchess.com"]
[Source "ChessBase"]
[SourceQuality "1"]

{[%evp 14,90,0,0,14,-8,22,8,13,8,16,0,0,0,7,0,4,-55,-50,-44,-49,-47,-47,-49,-40,-41,-40,-45,-42,-53,-62,-55,-50,-84,-77,-115,-110,-126,-123,-146,-140,-140,-131,-236,-223,-252,-195,-189,-178,-183,-183,-269,-308,-293,-300,-338,-338,-340,-364,-421,-404,-334,-288,-274,-245,-458,-448,-420,-395,-6222,-6222,-6222,-6222,-6222,-5297,-29977,-29978,-29978,-29979]} 1. e4 e5 2. Nf3 Nc6 3. d4 exd4 4. Nxd4 Nf6 5. Nc3 Bb4 6. Nxc6 bxc6 7. Bd3 d5 8. exd5 O-O {C47: Scotch Four Knights and Four Knights with 4 g3} 9. O-O Bg4 (9... cxd5 10. Bg5 c6 11. Qf3 Bd6 12. Rae1 Rb8 13. Nd1 h6 14. Bxf6 Qxf6 15. Qxf6 gxf6 16. b3 Kg7 17. Ne3 Re8 18. Nf5+ Bxf5 19. Bxf5 Re5 20. Bd7 Rb6 21. g3 {½-½ (43) Rapport,R (2726)-Ding,L (2809) Shenzhen 2019}) 10. f3 Bh5 $1 {The position is equal.} 11. Bg5 cxd5 12. Ne2 Bg6 13. Kh1 Rb8 14. b3 $146 ({Predecessor:} 14. Nf4 c6 15. Nxg6 hxg6 16. f4 Be7 17. f5 Ne4 18. Be3 gxf5 19. Rxf5 {1-0 (29) Redolfi,A-Shocron,R Mar del Plata 1956}) 14... Re8 15. c4 (15. c3 $11 Bd6 16. Nd4) 15... Bxd3 $15 16. Qxd3 dxc4 17. Qxc4 Qd5 18. Qxd5 Nxd5 19. Rfd1 Rxe2 20. Rxd5 Rbe8 $36 {[%mdl 2048] ( -> ...Re1+). Black is more active.} 21. Bh4 Bc3 22. Rad1 Rxa2 23. Bg3 Ba5 24. Rc5 Bb6 25. Rcc1 c5 26. Bd6 Rd8 27. h4 h5 28. Rd3 (28. Be5 $17) 28... a5 29. Kh2 {[#]} a4 {Played: Rd8xd6} 0-1

[Event "Netanya International GM 2019"]
[Site "Netanya"]
[Date "2019.07.02"]
[Round "9.5"]
[White "Dominguez Perez, Leinier"]
[Black "Gelfand, Boris"]
[Result "1/2-1/2"]
[WhiteElo "2760"]
[BlackElo "2676"]
[Annotator "TA"]
[PlyCount "27"]
[EventDate "2019.06.23"]
[EventType "tourn"]
[EventCountry "ISR"]
[SourceTitle "playchess.com"]
[Source "ChessBase"]
[SourceQuality "1"]

{[%evp 13,27,21,25,6,8,21,0,1,34,14,14,10,18,17,34,16]} 1. e4 c5 2. Nf3 Nc6 3. Bb5 g6 4. Bxc6 bxc6 5. O-O Bg7 6. Re1 Nh6 7. c3 O-O 8. h3 {B31: Sicilian: 2...Nc6 3 Bb5 g6} f5 9. e5 Nf7 10. d3 {The position is equal.} a5 11. Na3 Ba6 $146 ({Predecessor:} 11... Rb8 12. Qe2 Ba6 13. Bf4 e6 14. Qd2 h6 15. h4 Kh7 {1-0 (39) Leko,P (2690)-Duran Vega,S (2401) Batumi 2018}) 12. Bf4 e6 13. Qd2 h6 14. h4 1/2-1/2